| 000 | 00777nam a22002417a 4500 | ||
|---|---|---|---|
| 005 | 20170124110231.0 | ||
| 010 | _aA-994055 | ||
| 020 |
_c250.00 _a8120721594 |
||
| 035 | _aA-994055 | ||
| 037 | _bCen Lib/Ret | ||
| 040 |
_aDPL _bEN |
||
| 082 |
_a025.04 _bKAS |
||
| 100 |
_aKashyap, Madan Mohan _932742 |
||
| 245 |
_aComputer-based library information systems designing techniques / _cby Madan Mohan Kashyap |
||
| 246 | _b | ||
| 260 |
_bSterling Publishers _aNew Delhi _c1999 |
||
| 270 |
_bNew Delhi _aL-10, green park extentions _e110016 |
||
| 300 |
_axxii, 377p. _c19cm(pbk) |
||
| 500 | _aIncludes bibliographical references and index | ||
| 650 |
_aSystem analysis _915673 |
||
| 650 |
_aSystem design _915560 |
||
| 942 |
_2ddc _cEN _h025.04 _mKAS |
||
| 999 |
_c134632 _d134632 |
||